| 000 | 00944nam a2200253 a 4500 | ||
|---|---|---|---|
| 001 | 54349 | ||
| 003 | BD-RjUL | ||
| 005 | 20211209080116.0 | ||
| 008 | 161106s1963 ii ||||| |||| 00| 0 ben d | ||
| 020 | _c: IRs 50.00 | ||
| 035 | _a(BD-RjUL)54471 | ||
| 040 |
_aBD-RjUL _bben _cBD-RjUL |
||
| 041 | _aben | ||
| 082 |
_223 _a398.2095492 _bBHB 1963 |
||
| 100 |
_aভট্রাচার্য, আশুতোষ _9123758 |
||
| 245 | 1 | 0 |
_aবাংলার লোক-সাহিত্য / _cআশুতোষ ভট্রাচার্য |
| 250 | _a১ম সং . | ||
| 260 |
_aকলিকাতা : _bক্যালকাটা বুক হাউস, _c১৯৬৩ |
||
| 300 |
_a খণ্ড ; _c২১ সেমি. |
||
| 505 | 0 | _aখণ্ড ২, ছড়া -- | |
| 650 |
_aলোকসাহিত্য _9162203 _zবাংলাদেশ |
||
| 650 |
_aFolk Literature _9162204 _zBangladesh |
||
| 942 |
_2ddc _cBK |
||
| 999 |
_c54349 _d54349 |
||